• 首页
  • 本馆介绍
  • 公告通知
  • 最新文献
  • 馆藏检索
  • 电子资源
  • 读者导购
  • 参考咨询
  • 我的图书馆
  • 登录
  • 详细信息显示
  • 放入我的书架
  • 预约/预借图书
  • 作者相关作品
  • 分类相关作品
  • 丛书相关作品
  • 出版社相关作品

书目信息

  • 表格格式
  • 工作单格式
  • 卡片格式
题名:
园艺设施建造技术
    
 
作者: 郭世荣 , 王健 主编
分册:  
出版信息: 北京   化学工业出版社  2013.04
页数: 250页
开本: 21cm
丛书名: 设施园艺实用技术丛书
单 册:
中图分类: S62
科图分类:
主题词: 园艺--设施农业 , 园艺 , 设施农业
电子资源:
ISBN: 978-7-122-16132-1
000 01066oam2 2200301 450
001 010700146256
005 20140610085433.42
010    @a978-7-122-16132-1@dCNY29.00
100    @a20130325d2013 em y0chiy50 ea
101 0  @achi
102    @aCN@b110000
105    @aabk z 000yy
106    @ar
200 1  @a园艺设施建造技术@9yuan yi she shi jian zao ji shu@f郭世荣,王健主编
210    @a北京@c化学工业出版社@d2013.04
215    @a250页@c图,地图@d21cm
225 2  @a设施园艺实用技术丛书
330    @a本书介绍了近年来国内常用园艺设施的建造技术,本书共分7章,主要介绍日光温室、塑料大棚、现代智能温室、夏季园艺设施、食用菌设施的建造技术等内容。
333    @a本书可作为温室公司、设施农业等管理、经营人员,农业相关部门技术、管理人员及科研、大中专院校相关人员的实用参考书
461  0 @12001 @a设施园艺实用技术丛书
606 0  @a园艺@x设施农业
606 0  @a园艺
606 0  @a设施农业
690    @aS62@v5
701  0 @a郭世荣@9guo shi rong@4主编
701  0 @a王健@9wang jian@4主编
801  0 @aCN@b人天书店@c20130325
905    @b847088-91@dS62@e289@f4
    
    园艺设施建造技术/郭世荣,王健主编.-北京:化学工业出版社,2013.04
    250页:图,地图;21cm.-(设施园艺实用技术丛书)
    使用对象:本书可作为温室公司、设施农业等管理、经营人员,农业相关部门技术、管理人员及科研、大中专院校相关人员的实用参考书
    
    ISBN 978-7-122-16132-1:CNY29.00
    本书介绍了近年来国内常用园艺设施的建造技术,本书共分7章,主要介绍日光温室、塑料大棚、现代智能温室、夏季园艺设施、食用菌设施的建造技术等内容。
●
相关链接 在E读中查询图书 在五车中查询图书 在当当中查询图书 在豆瓣中查询图书


正题名:园艺设施建造技术     索取号:S62/289         预约/预借

序号 登录号 条形码 馆藏地/架位号 状态 备注
1 847088   208470885   第二样本阅览室/ [索取号:S62/289] 在馆    
2 847089   208470894   密集书库-资源管理系/ [索取号:S62/289] 在馆    
3 847090   208470901   生命科学系资料室/ [索取号:S62/289] 在馆    
4 847091   208470910   第三借阅区/ [索取号:S62/289] 在馆    
唐山师范学院图书馆 欢迎您!
大连网信软件有限公司© 版权所有